000 00882nam a2200193 a 4500
008 120416s1990 ||||||||||||||||| || u
020 _a8171690904
050 _aHJ 2240 Nay
100 _aNayak, Paulin B
245 1 0 _aEssays in optimal taxation
260 _aNew Delhi
_bCommonwealth Publishers
_c1990
300 _a139p. ; ill.
350 _a0.00
650 0 _aECONOMICS
650 _aTAXATION
995 _aANNEX COLLECTION (Main Library)
_D0.00
_e732855
_FCBU-MAIN LIBRARY (Kitwe)
_H1
_I29.45
_jHJ 2240 Nay
_M1
_UAVAILABLE
_y029923
_ZAnnex Low-Usage Collection
995 _aANNEX COLLECTION (Main Library)
_D0.00
_e732854
_FCBU-MAIN LIBRARY (Kitwe)
_H2
_I29.45
_jHJ 2240 Nay
_M2
_UAVAILABLE
_y029922
_ZAnnex Low-Usage Collection
995 _aANNEX COLLECTION (Main Library)
_D0.00
_e732856
_FCBU-MAIN LIBRARY (Kitwe)
_H3
_I29.45
_jHJ 2240 Nay
_M3
_UAVAILABLE
_y029924
_ZAnnex Low-Usage Collection
999 _c62786
_d62786